Nové trendy vo vývoji rizík vyplývajúcich zo zmien podnikateľského prostredia

Využitie diagnostickej metódy monitorovania na meranie obchodných rizík, analýzu súčasného rozdelenia podnikateľských rizík a vyhodnotenie súčasnej situácie. Vzťah okolia podniku a podnikateľských rizík.

Enregistré dans:
Détails bibliographiques
Auteur principal: Deáková, Stanislava, 1974-
Format: Chapitre de livre
Langue:slovaque
Sujets:
Tags: Ajouter un tag
Pas de tags, Soyez le premier à ajouter un tag!

MARC

LEADER 00000naa$a2200000$$$4500
001 0250978
005 20240502074026.0
041 0 |a slo 
044 |a SK 
245 1 0 |a Nové trendy vo vývoji rizík vyplývajúcich zo zmien podnikateľského prostredia  |c Stanislava Deáková 
520 |a Využitie diagnostickej metódy monitorovania na meranie obchodných rizík, analýzu súčasného rozdelenia podnikateľských rizík a vyhodnotenie súčasnej situácie. Vzťah okolia podniku a podnikateľských rizík. 
610 2 0 |a riziko 
610 2 0 |a risk management 
610 2 0 |a podnikanie 
610 2 0 |a prostredie podnikateľské 
610 2 0 |a monitoring 
100 1 |a Deáková, Stanislava, 1974-